Parvulitos.
Gespeichert in:
| 1. Verfasser: | |
|---|---|
| Format: | Buch |
| Sprache: | Spanisch |
| Erschienen: |
Madrid :
Saturnino Calleja,
1942
|
| Katalog: | MANES: Suchergebnis im Bibliothekskatalog |
| Schulbuchspezifische Eigenschaften: |
|
| Schriftenreihe: | Textos Escolares Calleja
|
| Tags: |
Tag hinzufügen
Keine Tags, Fügen Sie den ersten Tag hinzu!
|
| Hinzugefügt zu: | 09.02.2019 |
| Geändert in: | 07.05.2025 |
MARC
| LEADER | 00000cam a2200000 4500 | ||
|---|---|---|---|
| 005 | 20250507134356.0 | ||
| 008 | 190210S1942 0espa h 0000 00spa0d | ||
| 040 | |a uned |b spa |c entro-manes | ||
| 041 | 0 | |a spa | |
| 100 | 2 | |a Goicoechea Romanos, María A. |9 37023 | |
| 245 | 0 | 0 | |a Parvulitos. |e Cartilla. |d Libro 1º |c María A. Goicoechea Romanos |
| 260 | |a Madrid : |b Saturnino Calleja, |c 1942 | ||
| 300 | |a 61 p. : |b il. | ||
| 440 | 0 | 0 | |a Textos Escolares Calleja |9 26654 |
| 546 | |a España | ||
| 561 | |5 es-BUNED |3 BAL M 055 |a España. Fondo Manes UNED |k MANES | ||
| 691 | 0 | |a IN | |
| 942 | |2 ddc |c BK | ||
| 999 | |c 93014 |d 93014 | ||
| 999 | |c manes:93014 |d 93014 | ||